000 00730nam a22002417a 4500
001 12099
003 BD-RjUL
005 20211208235232.0
008 140128r19981976ii a 001 0 eng d
035 _a(BD-RjUL)12148
040 _aBD-RjUL
_beng
_cBD-RjUL
041 _aeng
082 _219
_a616.92505
_bBII 1998
100 1 _aBiswas, S. B.
_937473
245 0 3 _aAn introduction to viruses /
_cS. B. Biswas and Amita Biswas.
250 _a4th ed.
260 _aNew Delhi :
_bVikas Publishing House,
_cc1976 [Repinted 1998].
300 _axvi, 360 p. :
_bill. ;
_c22 cm.
504 _aIncludes bibliographical references and index.
650 0 _aVirus Diseases.
_937474
700 1 _aBiswas, Amita.
_937475
942 _2ddc
_cBK
999 _c12099
_d12099